000 00283nam a22001217a 4500
008 181217b xxu||||| |||| 00| 0 eng d
041 _aeng
080 _a370
100 _a47
101 _aEDU
245 _aHow To Use Contigency Contracting Classroom
_cLoyd.H
942 _2udc
_cBK
999 _c53154
_d53154